<?xml version="1.0" encoding="UTF-8"?>
<record
    xmlns:xsi="http://www.w3.org/2001/XMLSchema-instance"
    xsi:schemaLocation="http://www.loc.gov/MARC21/slim http://www.loc.gov/standards/marcxml/schema/MARC21slim.xsd"
    xmlns="http://www.loc.gov/MARC21/slim">

  <leader>00861nam a2200229 a 4500</leader>
  <controlfield tag="001">86055</controlfield>
  <controlfield tag="003">BD-RjUL</controlfield>
  <controlfield tag="005">20251224122335.0</controlfield>
  <controlfield tag="008">251224r20232021bg ||||| |||| 00| f ben d</controlfield>
  <datafield tag="020" ind1=" " ind2=" ">
    <subfield code="c">9789849520481</subfield>
  </datafield>
  <datafield tag="035" ind1=" " ind2=" ">
    <subfield code="a">(BD-RjUL)86055</subfield>
  </datafield>
  <datafield tag="040" ind1=" " ind2=" ">
    <subfield code="a">BD-RjUL</subfield>
    <subfield code="b">ben</subfield>
    <subfield code="c">BD-RjUL</subfield>
  </datafield>
  <datafield tag="041" ind1=" " ind2=" ">
    <subfield code="a">ben</subfield>
  </datafield>
  <datafield tag="082" ind1=" " ind2=" ">
    <subfield code="2">23</subfield>
    <subfield code="a">891.443</subfield>
    <subfield code="b">BAA 2023</subfield>
  </datafield>
  <datafield tag="100" ind1=" " ind2=" ">
    <subfield code="a">&#x9AC;&#x9A8;&#x9CD;&#x9A6;&#x9CD;&#x9AF;&#x9CB;&#x9AA;&#x9BE;&#x9A7;&#x9CD;&#x9AF;&#x9BE;&#x9AF;&#x9BC;,&#x9AC;&#x9BF;&#x9AD;&#x9C2;&#x9A4;&#x9BF;&#x9AD;&#x9C2;&#x9B7;&#x9A3;</subfield>
    <subfield code="9">126036</subfield>
  </datafield>
  <datafield tag="245" ind1="1" ind2="0">
    <subfield code="a">&#x986;&#x9A6;&#x9B0;&#x9CD;&#x9B6; &#x9B9;&#x9BF;&#x9A8;&#x9CD;&#x9A6;&#x9C1;-&#x9B9;&#x9CB;&#x99F;&#x9C7;&#x9B2; /</subfield>
    <subfield code="c">&#x9AC;&#x9BF;&#x9AD;&#x9C2;&#x9A4;&#x9BF;&#x9AD;&#x9C2;&#x9B7;&#x9A3; &#x9AC;&#x9A8;&#x9CD;&#x9A6;&#x9CD;&#x9AF;&#x9CB;&#x9AA;&#x9BE;&#x9A7;&#x9CD;&#x9AF;&#x9BE;&#x9AF;&#x9BC;</subfield>
  </datafield>
  <datafield tag="260" ind1=" " ind2=" ">
    <subfield code="a">&#x9A2;&#x9BE;&#x995;&#x9BE; :</subfield>
    <subfield code="b">&#x9B8;&#x9C2;&#x9B0;&#x9CD;&#x9AF;&#x9CB;&#x9A6;&#x9AF;&#x9BC; &#x9AA;&#x9CD;&#x9B0;&#x995;&#x9BE;&#x9B6;&#x9A8;,</subfield>
    <subfield code="c">&#x9E8;&#x9E6;&#x9E8;&#x9E9;</subfield>
  </datafield>
  <datafield tag="300" ind1=" " ind2=" ">
    <subfield code="a">&#x9E7;&#x9ED;&#x9EA; &#x9AA;&#x9C3;. ;</subfield>
    <subfield code="c">&#x9E8;&#x9E8; &#x9B8;&#x9C7;&#x9AE;&#x9BF;.</subfield>
  </datafield>
  <datafield tag="650" ind1=" " ind2=" ">
    <subfield code="a">&#x9AC;&#x9BE;&#x982;&#x9B2;&#x9BE; &#x989;&#x9AA;&#x9A8;&#x9CD;&#x9AF;&#x9BE;&#x9B8;</subfield>
    <subfield code="9">126037</subfield>
  </datafield>
  <datafield tag="650" ind1=" " ind2=" ">
    <subfield code="a">Bengali Fiction</subfield>
    <subfield code="9">126038</subfield>
  </datafield>
  <datafield tag="942" ind1=" " ind2=" ">
    <subfield code="2">ddc</subfield>
    <subfield code="c">BK</subfield>
  </datafield>
  <datafield tag="999" ind1=" " ind2=" ">
    <subfield code="c">86055</subfield>
    <subfield code="d">86055</subfield>
  </datafield>
  <datafield tag="952" ind1=" " ind2=" ">
    <subfield code="0">0</subfield>
    <subfield code="1">0</subfield>
    <subfield code="2">ddc</subfield>
    <subfield code="4">0</subfield>
    <subfield code="7">1</subfield>
    <subfield code="8">FIC</subfield>
    <subfield code="a">RUCL</subfield>
    <subfield code="b">RUCL</subfield>
    <subfield code="c">Reading</subfield>
    <subfield code="d">2025-12-18</subfield>
    <subfield code="e">Bidyasagar, Rajshahi</subfield>
    <subfield code="g">210.00</subfield>
    <subfield code="l">0</subfield>
    <subfield code="o">B 891.443 BAA 2023</subfield>
    <subfield code="r">2025-12-24 00:00:00</subfield>
    <subfield code="t">C-1</subfield>
    <subfield code="w">2025-12-24</subfield>
    <subfield code="y">BK</subfield>
  </datafield>
  <datafield tag="952" ind1=" " ind2=" ">
    <subfield code="0">0</subfield>
    <subfield code="1">0</subfield>
    <subfield code="2">ddc</subfield>
    <subfield code="4">0</subfield>
    <subfield code="7">0</subfield>
    <subfield code="8">FIC</subfield>
    <subfield code="a">RUCL</subfield>
    <subfield code="b">RUCL</subfield>
    <subfield code="c">GEN</subfield>
    <subfield code="d">2025-12-18</subfield>
    <subfield code="e">Bidyasagar, Rajshahi</subfield>
    <subfield code="g">210.00</subfield>
    <subfield code="l">3</subfield>
    <subfield code="o">B 891.443 BAA 2023</subfield>
    <subfield code="r">2026-05-20 09:52:05</subfield>
    <subfield code="s">2026-05-12</subfield>
    <subfield code="t">C-2</subfield>
    <subfield code="w">2025-12-24</subfield>
    <subfield code="y">BK</subfield>
  </datafield>
  <datafield tag="952" ind1=" " ind2=" ">
    <subfield code="0">0</subfield>
    <subfield code="1">0</subfield>
    <subfield code="2">ddc</subfield>
    <subfield code="4">0</subfield>
    <subfield code="7">0</subfield>
    <subfield code="8">FIC</subfield>
    <subfield code="a">RUCL</subfield>
    <subfield code="b">RUCL</subfield>
    <subfield code="c">GEN</subfield>
    <subfield code="d">2025-12-18</subfield>
    <subfield code="e">Bidyasagar, Rajshahi</subfield>
    <subfield code="g">210.00</subfield>
    <subfield code="l">2</subfield>
    <subfield code="o">B 891.443 BAA 2023</subfield>
    <subfield code="r">2026-04-30 09:13:17</subfield>
    <subfield code="s">2026-04-15</subfield>
    <subfield code="t">C-3</subfield>
    <subfield code="w">2025-12-24</subfield>
    <subfield code="y">BK</subfield>
  </datafield>
</record>
